000 00948cam a2200265 a 4500
001 000014952
005 20200929163929.0
008 731212s1972 onca b 001 0 eng
020 _a0888665121
035 _a(DLC) 72080054
040 _aDO-SdBNP
_beng
_cBNPHU
_dDLC
050 0 0 _aF1060.9
_b.M878
082 _a971.05/4
_bM889l
100 1 _aMorton, Desmond,
_d1937-
_qDesmond Dillon Paul Morton.
_933838
245 1 4 _aThe last war drum :
_bthe North West campaign of 1885 /
_cDesmond Morton editor John Swettenham.
260 _aToronto, :
_bHakkert,
_c1972.
300 _axxii, 193 p. :
_bil. ;
_c26 cm.
490 1 _aCanadian War Museum.
_v5
_aHistorical publications,
504 _aIncluye referencias bibliográficas.
650 0 _aRiel rebellion, 1885.
_933839
700 1 _aSwettenham, John,
_eed.
_933840
830 0 _aCanadian War Museum.
_v5
_pHistorical publications,
_933841
910 _aCatalogación por copia / LC
049 _aBNGR
999 _c14529
_d14529